| 000 | 00545nam a22001937a 4500 | ||
|---|---|---|---|
| 003 | OSt | ||
| 005 | 20140310182353.0 | ||
| 008 | 131001t xxu||||| |||| 00| 0 eng d | ||
| 020 | _a0118840665 | ||
| 050 |
_aBF 637 _b.Ea12 1983 |
||
| 082 |
_aFIL 551.22 _bP272 1994 |
||
| 100 |
_aPaterno, Maria Elena _97029 |
||
| 245 |
_aEarthquakes / _cMaria Elena Paterno. |
||
| 260 |
_aManila : _bTahanan books for Young Readers, _c 1994. |
||
| 300 |
_a36 p. _bill. ; _c20 p. : |
||
| 650 |
_aEarthquakes _921015 |
||
| 942 |
_2lcc _cBK-GS |
||
| 999 |
_c12432 _d12432 |
||